Пропуск в контексте

Энергетическая безопасность: вызовы, риски, перспективы обеспечения монография

Рассмотрены важнейшие проблемы и перспективы развития мирового природно-ресурсного потенциала, влияния его распределения на экономическую и энергетическую безопасность мира и России. Проанализированы важнейшие аспекты и направления повышения топливно-энергетической безопасности нашей страны...

תיאור מלא

שמור ב:
מידע ביבליוגרפי
מחבר ראשי: Демидова Е. В.
מחברים אחרים: Авилова В. В.
פורמט: Книга
שפה:Russian
יצא לאור: Казань КНИТУ 2018
נושאים:
גישה מקוונת:https://e.lanbook.com/book/166315
https://e.lanbook.com/img/cover/book/166315.jpg
תגים: הוספת תג
אין תגיות, היה/י הראשונ/ה לתייג את הרשומה!
LEADER 01914nam0a2200337 i 4500
001 166315
003 RuSpLAN
005 20221220174118.0
008 221220s2018 ru gs 000 0 rus
020 |a 978-5-7882-2556-2 
040 |a RuSpLAN 
041 0 |a rus 
044 |a ru 
080 |a 65.012.8:620.9 
084 |a 31.19я7  |2 rubbk 
245 0 0 |a Энергетическая безопасность: вызовы, риски, перспективы обеспечения  |b монография  |c Демидова Е. В.,Авилова В. В. 
260 |a Казань  |b КНИТУ  |c 2018 
300 |a 188 с. 
504 |a Библиогр.: доступна в карточке книги, на сайте ЭБС Лань 
520 8 |a Рассмотрены важнейшие проблемы и перспективы развития мирового природно-ресурсного потенциала, влияния его распределения на экономическую и энергетическую безопасность мира и России. Проанализированы важнейшие аспекты и направления повышения топливно-энергетической безопасности нашей страны 
521 8 |a Книга из коллекции КНИТУ - Инженерно-технические науки 
653 0 |a топливно-энергетические ресурсы 
653 0 |a экономика 
653 0 |a экономическая безопасность 
653 0 |a природные ресурсы 
653 0 |a энергетика. 
100 1 |a Демидова Е. В. 
700 1 |a Авилова В. В. 
856 4 |u https://e.lanbook.com/book/166315 
856 4 8 |u https://e.lanbook.com/img/cover/book/166315.jpg 
953 |a https://e.lanbook.com/img/cover/book/166315.jpg 
Cannot write session to /tmp/vufind_sessions/sess_5k7djo1apkku8nuabtaasjvpj8